| 000 | 00797nam a22002531a 4500 | ||
|---|---|---|---|
| 001 | 32756 | ||
| 003 | AR-RoBPED | ||
| 005 | 20260514101727.0 | ||
| 007 | ta | ||
| 008 | 260513s1992 ag a|||brf||||||1 ||spa | ||
| 020 | _a950461820 | ||
| 040 |
_aAR-BaBN _eaacr _dAR-RoBPED |
||
| 041 | _aspa | ||
| 100 | 1 |
_aBasch, Adela _d1946- _eautora _4aut _917393 |
|
| 245 | 1 | 0 |
_aLectura 6 : _bLectores en su tinta / _cAdela Basch, Beatriz Fernández de Reboursin. |
| 260 |
_aBuenos Aires : _bSantillana, _c1992. |
||
| 300 | _a216 p. | ||
| 650 | 4 |
_aARCHIVO INFANTIL _924464 |
|
| 650 | 4 |
_aLIBROS DE LECTURA _915325 |
|
| 650 | 4 |
_aSEXTO GRADO _91465 |
|
| 700 | 1 |
_aFernández de Reboursin, Beatriz _95674 |
|
| 942 |
_2udc _aK. 32756 _cBK _h372.4 _kIA _mB 24 _pInv. 42442 |
||
| 945 | _ann 13/05/2026 - 14/05/2026 | ||
| 999 |
_c32756 _d32756 |
||